Italienische Provinzhauptstädte - Statistiken

Allgemein
  • Dieses Quiz wurde 60 mal gespielt
  • Das Durchschnittsergebnis liegt bei 30 aus 107
Antwortstatistiken
Region Capital % Korrekt
Lombardei Mailand
89%
Latium Rom
87%
Sizilien Palermo
85%
Piemont Turin
82%
Toskana Florenz
78%
Venetien Venedig
78%
Kampanien Neapel
76%
Ligurien Genua
75%
Apulien Bari
73%
Trentino-Südtirol Bozen
71%
Friaul-Julisch Venetien Triest
69%
Venetien Verona
65%
Sardinien Cagliari
64%
Toskana Pisa
64%
Emilia-Romagna Bologna
62%
Friaul-Julisch Venetien Udine
58%
Sizilien Catania
55%
Lombardei Bergamo
53%
Sizilien Messina
51%
Trentino-Südtirol Trient
45%
Lombardei Como
44%
Venetien Padua
44%
Emilia-Romagna Parma
44%
Toskana Siena
44%
Lombardei Brescia
42%
Apulien Lecce
42%
Aostatal Aosta
40%
Emilia-Romagna Rimini
40%
Kampanien Salerno
40%
Lombardei Monza
36%
Abruzzen Pescara
36%
Ligurien La Spezia
35%
Umbrien Perugia
35%
Marken Ancona
33%
Emilia-Romagna Modena
33%
Toskana Lucca
31%
Sizilien Syrakus
31%
Toskana Livorno
29%
Emilia-Romagna Ravenna
29%
Venetien Vicenza
29%
Emilia-Romagna Piacenza
27%
Kalabrien Reggio Calabria
27%
Apulien Brindisi
25%
Apulien Tarent
25%
Venetien Treviso
25%
Emilia-Romagna Ferrara
24%
Abruzzen L'Aquila
24%
Apulien Barletta-Andria-Trani
22%
Molise Campobasso
22%
Apulien Foggia
22%
Sardinien Sassari
22%
Sizilien Trapani
22%
Piemont Asti
20%
Emilia-Romagna Reggio Emilia
20%
Ligurien Savona
20%
Kalabrien Catanzaro
18%
Lombardei Cremona
18%
Piemont Novara
18%
Lombardei Pavia
18%
Basilikata Potenza
18%
Emilia-Romagna Forlì
16%
Latium Frosinone
16%
Ligurien Imperia
16%
Lombardei Mantua
16%
Basilikata Matera
16%
Toskana Prato
16%
Lombardei Varese
16%
Toskana Arezzo
15%
Kalabrien Crotone
15%
Sizilien Ragusa
15%
Umbrien Terni
15%
Piemont Alessandria
13%
Abruzzen Chieti
13%
Kalabrien Cosenza
13%
Piemont Cuneo
13%
Sizilien Enna
13%
Lombardei Lecco
13%
Friaul-Julisch Venetien Pordenone
13%
Sizilien Agrigento
11%
Venetien Belluno
11%
Sizilien Caltanissetta
11%
Friaul-Julisch Venetien Gorizia
11%
Toskana Grosseto
11%
Latium Latina
11%
Sardinien Oristano
11%
Kampanien Avellino
9%
Kampanien Benevento
9%
Sardinien Nuoro
9%
Marken Pesaro
9%
Toskana Pistoia
9%
Latium Rieti
9%
Piemont Vercelli
9%
Latium Viterbo
9%
Marken Ascoli Piceno
7%
Lombardei Lodi
7%
Toskana Massa
7%
Lombardei Sondrio
7%
Piemont Verbania
7%
Kampanien Caserta
5%
Marken Fermo
5%
Venetien Rovigo
5%
Piemont Biella
4%
Molise Isernia
4%
Marken Macerata
4%
Abruzzen Teramo
4%
Kalabrien Vibo Valentia
4%
Sardinien Carbonia
0%
Keine übereinstimmenden Quizze gefunden
Verteilung der Resultate
Anzahl Personen mit jedem Resultat
Perzentil nach korrekt beantworteten Fragen
Ihre Resultats-Entwicklung
Sie haben dieses Quiz noch nicht gespielt